000 00469nam a22001817a 4500
999 _c532590
_d532590
003 NUST
005 20191126110810.0
008 191126b ||||| |||| 00| 0 eng d
020 _a97814200-53906
038 _aMSOHAIL
082 _a621.48 NUC
100 _aKOK, KENNETH D
_926203
245 _aNUCLEAR ENGINEERING HANDBOOK
260 _aLONDON
_bCRC PRESS
_c2009
300 _aXVIII,768P
650 _aNUCLEAR ENGINEERING-HANDBOOKS ETC
_926204
942 _cBK
_2ddc